000 00977nam a2200229Ia 4500
999 _c56077
_d56077
001 23177
003 GE_BSU
005 20230720113233.0
008 181216s1969||||ge |||||||||||||| ||geo||
040 _cGE_BSU
041 _ageo
080 _a821.112.2-2 გ-62
100 _aგოეთე, იოჰან ვოლფგანგ
_912332
245 _aდრამები /
_cიოჰან ვოლფგანგ ; თარგმ. გერ. და შენიშვნები ვ. ბეწუკელისა ; რედ. ლ. იმერლიშვილი.
264 _aთბილისი :
_bსაბჭ. საქართველო,
_c1969.
300 _a707 გვ. ;
_c 20სმ..
541 _h2ლ. 74თ.
653 _aდრამები
700 _aბეწუკელი, ვ.
_eმთარგმნელი
_95784
700 _aიმერლიშვილი, ლ.
_eრედაქტორი
_919049
942 _cBK
_2udc